000
00309nam a22001457a 4500
008
221111b ||||| |||| 00| 0 eng d
020
_a
9780738201696
041
_a
eng
080
_a
2
082
_a
2 ROT
100
_a
44.1
101
_a
TEO
245
_a
DOUBT AND CERTAINT
_c
ROTHMAN T
942
_2
udc
_c
BK
999
_c
58865
_d
58865